Escritos politicos 1914/1932 / (Record no. 110305)

MARC details
000 -LEADER
campo de control de longitud fija 00799cam a2200265Ka 4500
001 - NÚMERO DE CONTROL
campo de control 41057
005 - FECHA Y HORA DE LA ÚLTIMA TRANSACCIÓN
campo de control 20230411085955.0
008 - DATOS DE LONGITUD FIJA--INFORMACIÓN GENERAL
campo de control de longitud fija 810928s1979 sp 000 0 spa d
035 ## - NÚMERO DE CONTROL DEL SISTEMA
Número de control de sistema (OCoLC)ocm07798750
040 ## - FUENTE DE CATALOGACIÓN
Centro catalogador/agencia de origen SJP
Centro/agencia transcriptor SJP
020 ## - NÚMERO INTERNACIONAL ESTÁNDAR DEL LIBRO
Número Internacional Estándar del Libro 8402059112 :
Condiciones de disponibilidad $3.90
020 ## - NÚMERO INTERNACIONAL ESTÁNDAR DEL LIBRO
Número Internacional Estándar del Libro 9788402059116
035 ## - NÚMERO DE CONTROL DEL SISTEMA
Número de control de sistema (OCoLC)7798750
049 ## - FONDOS LOCALES (OCLC)
Biblioteca depositaria GRAL
100 1# - ENTRADA PRINCIPAL--NOMBRE DE PERSONA
Nombre de persona Hesse, Hermann,
Fechas asociadas al nombre 1877-1962.
245 10 - MENCIÓN DEL TÍTULO
Título Escritos politicos 1914/1932 /
Mención de responsabilidad, etc. Hermann Hesse.
250 ## - MENCION DE EDICION
Mención de edición 2. ed.
260 ## - PUBLICACIÓN, DISTRIBUCIÓN, ETC.
Lugar de publicación, distribución, etc. Barcelona :
Nombre del editor, distribuidor, etc. Bruguera,
Fecha de publicación, distribución, etc. 1979.
300 ## - DESCRIPCIÓN FÍSICA
Extensión 248 p. ;
Dimensiones 18 cm.
490 0# - MENCIÓN DE SERIE
Mención de serie Libro amigo ;
Designación de volumen o secuencia 1502/596
500 ## - NOTA GENERAL
Nota general Seleccionado de: Politik des Gewissens, Die Politischen Schriften 1914-1932.
600 10 - PUNTO DE ACCESO ADICIONAL DE MATERIA--NOMBRE DE PERSONA
Nombre de persona Hesse, Hermann,
Fechas asociadas al nombre 1877-1962
Subdivisión general Political and social views.
942 ## - ELEMENTOS DE ENTRADA SECUNDARIOS (KOHA)
Fuente del sistema de clasificación o colocación Clasificación de Library of Congress
Tipo de ítem Koha
994 ## -
-- C0
-- DRFGD
Holdings
Estatus retirado Estado de pérdida Fuente del sistema de clasificación o colocación Estado de daño No para préstamo Colección Biblioteca de origen Biblioteca actual Ubicación en estantería Fecha de adquisición Código de barras Visto por última vez Copia número Tipo de ítem Koha
    Clasificación de Library of Congress     Automatización y Procesos Técnicos Biblioteca Juan Bosch Biblioteca Juan Bosch Automatización y Procesos Técnicos (1er. Piso) 11/04/2023 00000042172 17/02/2019 1